| 000 | 00537nam a22001697a 4500 | ||
|---|---|---|---|
| 999 |
_c9325 _d9325 |
||
| 008 | 210403b ||||| |||| 00| 0 eng d | ||
| 040 | _aBMS College of Architecture | ||
| 100 | _aHui, Aditya | ||
| 245 | _aThe design of a commercial complex on eastern by-pass Kolkata | ||
| 300 | _aNA | ||
| 500 | _a1BM98001 | ||
| 502 |
_8B.Arch _NBMS College of Architecture, Visvesvaraya Technological University _aProject report _d2003 |
||
| 650 | _aKolkata | ||
| 650 | _aCommercial Complex | ||
| 700 |
_aK R Madhu Chand _eGuide |
||
| 942 |
_2ddc _cTHE |
||